[Event "Heraklion Gazi op"]
[Site "Heraklion"]
[Date "2006.09.01"]
[Round "2"]
[White "Kallergi, Irini"]
[Black "Papathanasiou, Fotini"]
[Result "1-0"]
[WhiteElo "1095"]
[BlackElo "1000"]
[PlyCount "69"]
[EventDate "2006.08.31"]
[EventType "swiss"]
[EventRounds "7"]
[EventCountry "GRE"]
[SourceTitle "EXT 2008"]
[Source "ChessBase"]
[SourceDate "2007.11.25"]
[SourceVersion "1"]
[SourceVersionDate "2007.11.25"]
[SourceQuality "1"]

1. e4 e5 2. Nf3 Nc6 3. Bc4 Bc5 4. d3 Nf6 5. Bg5 0-0 6. Nc3 Bb4 7. 0-0 Bxc3 8. bxc3 d6 9. h3 Na5 10. Nd2 Be6 11. Qf3 Nxc4 12. dxc4 h6 13. Be3 c6 14. Rab1 b5 15. cxb5 cxb5 16. Rxb5 Bxa2 17. Ra1 a6 18. Rb2 Be6 19. Qg3 g5 20. f4 d5 21. fxg5 hxg5 22. Qxg5+ Kh8 23. Qh6+ Kg8 24. Bg5 Rc8 25. Bxf6 Qxf6 26. Qxf6 dxe4 27. Nxe4 Rfe8 28. Nd6 Rf8 29. Nxc8 Bxc8 30. Rb8 e4 31. Rf1 a5 32. Rxc8 Rxc8 33. Qxf7+ Kh8 34. Rf6 Rxc3 35. Rh6# 1-0

[Event "Heraklion Gazi op"]
[Site "Heraklion"]
[Date "2005.10.01"]
[Round "5"]
[White "Kallergi, Irini"]
[Black "Kiosterakis, Charidimos"]
[Result "1-0"]
[WhiteElo "1000"]
[BlackElo "1005"]
[PlyCount "75"]
[EventDate "2005.09.27"]
[EventType "swiss"]
[EventRounds "7"]
[EventCountry "GRE"]
[SourceTitle "EXT 2007"]
[Source "ChessBase"]
[SourceDate "2006.11.23"]
[SourceVersion "1"]
[SourceVersionDate "2006.11.23"]
[SourceQuality "1"]

1. e4 e5 2. Nf3 Nc6 3. Nc3 Nf6 4. Bc4 Bc5 5. d3 0-0 6. 0-0 d6 7. Bg5 Qe7 8. Nd5 Qd8 9. Nxf6+ gxf6 10. Bh6 Re8 11. Nh4 Ne7 12. Qh5 Ng6 13. Nf5 Be6 14. Ng7 Re7 15. Nf5 Re8 16. Bxe6 fxe6 17. Nh4 Kf7 18. Nf5 exf5 19. exf5 Rh8 20. Be3 Bxe3 21. fxe3 Kg7 22. Rf3 Ne7 23. Rg3+ Kf8 24. Qh6+ Ke8 25. Qxf6 Rf8 26. Qe6 Qd7 27. e4 Qxe6 28. fxe6 Ng6 29. Rh3 Rf7 30. exf7+ Kxf7 31. Rxh7+ Ke6 32. Rxc7 Rb8 33. Rf1 Nf4 34. g3 Ne2+ 35. Kg2 Nd4 36. c3 Nb5 37. Rcf7 b6 38. R7f6+ 1-0

[Event "Heraklion Gazi op"]
[Site "Heraklion"]
[Date "2005.09.30"]
[Round "4"]
[White "Spiridakis, Ioannis"]
[Black "Kallergi, Irini"]
[Result "1-0"]
[WhiteElo "1000"]
[BlackElo "1000"]
[PlyCount "67"]
[EventDate "2005.09.27"]
[EventType "swiss"]
[EventRounds "7"]
[EventCountry "GRE"]
[SourceTitle "EXT 2007"]
[Source "ChessBase"]
[SourceDate "2006.11.23"]
[SourceVersion "1"]
[SourceVersionDate "2006.11.23"]
[SourceQuality "1"]

1. e4 e5 2. Nf3 Nc6 3. Nc3 Nf6 4. Bb5 d6 5. Bxc6+ bxc6 6. 0-0 d5 7. exd5 cxd5 8. Nxe5 Qd6 9. Re1 Be7 10. d3 Bg4 11. Nxg4 Nh5 12. Qf3 0-0-0 13. a4 Qd7 14. Ne5 Qe6 15. Nb5 f6 16. Qxh5 g6 17. Qe2 Rde8 18. Nf3 Qxe2 19. Rxe2 a6 20. Nc3 g5 21. Be3 g4 22. Nd2 c5 23. Nxd5 h5 24. Nxe7+ Rxe7 25. Rae1 Rf7 26. Bxc5 f5 27. Re8+ Rxe8 28. Rxe8+ Kd7 29. Rf8 Rg7 30. Nc4 Kc6 31. d4 Kd5 32. b3 Ke4 33. Nd6+ Kf4 34. Rxf5# 1-0